Analyse quantitative des usages familier et populaire du français de France et du français du Québec : Un aperçu à travers des dictionnaires

Príspevok porovnáva lexikografické spracovanie diastratickej a diafázickej variácie v dvoch francúzskych slovníkoch, Le Nouveau Petit Robert z roku 1993 a Dictionnaire québécois d’actualité z roku 1992. Štúdia bude tiež skúmať podobnosti a rozdiely v ich makroštruktúre, nomenklatúre a mikroštruktúre...

Descrizione completa

Salvato in:
Dettagli Bibliografici
Autore principale: Růžička, Martin, 1987-
Natura: Capitolo di libro
Lingua:francese
Soggetti:
Tags: Aggiungi Tag
Nessun Tag, puoi essere il primo ad aggiungerne!!

MARC

LEADER 00000naa$a2200000$$$4500
001 0296047
005 20240417075245.9
041 0 |a fre 
044 |a CA 
245 1 0 |a Analyse quantitative des usages familier et populaire du français de France et du français du Québec : Un aperçu à travers des dictionnaires  |c Martin Růžička 
520 |a Príspevok porovnáva lexikografické spracovanie diastratickej a diafázickej variácie v dvoch francúzskych slovníkoch, Le Nouveau Petit Robert z roku 1993 a Dictionnaire québécois d’actualité z roku 1992. Štúdia bude tiež skúmať podobnosti a rozdiely v ich makroštruktúre, nomenklatúre a mikroštruktúre a zameria sa na rozdiely vo významových definíciách a v sociolingvistických označeniach daných pre vybraný súbor lexikálnych jednotiek. 
610 2 0 |a francúzština 
610 2 0 |a jazykoveda 
610 2 0 |a jazyky cudzie 
610 2 0 |a spoločnosť 
100 1 |a Růžička, Martin, 1987-